000 00435nam a2200181Ia 4500
001 4684
005 20260306145813.0
008 260306t1996||||xx |||||||||||||| ||spa||
041 _aESP
082 _a330
_bM67
100 _aMochón, Francisco
_eAUT
245 0 _aPrincipios de economía:
_blibro de problemas
260 _c1996
300 _a301 páginas :
_c23 cm.
650 _aGEN
654 _aCAN
942 _cLIB
_dJUS
_fJUS
_2ddc
_n
999 _c4684
_d4684